1145 1157 1237 1293 1471 1854 1841 1226 1399 1159 1688 1761 1696 1011 1659 1739 1165 1791 1804 1893 1945 1740 1245 1675 1119 1703 1728 1578 1898 1998 2000 1362 1632 1567 1237 1712 1204 1967 1417 1095 1476 1343 1261 1627 1510 1716 1361 1674 1230 1429 1699 1649 1592 1354 1257 1545 1247 1937 1810 1667 1188 1830 1461 1543 1744 1159 1112 1346 1424 1713 1149 1413 1147 1905 1913 1277 1956 1650 1610 1107 1164 1796 1075 1982 1842 1179 1953 1387 1942 1056 1864 1955 1440 1235 1797 1403 1610 1238 1341 BCNSPRNW ULIB Ver.6.0+V

เปลี่ยนเป็นภาษาไทย

Change to English
 แสดงรายละเอียดบรรณานุกรม
  กลับหน้าหลัก

Brief Record : Get Marc (ISO 2709) : E-mail record : QR code < ปิดหน้าต่าง
LEADER : 00000nam 2200000uu 4500
001    13399108428
003     ULIB
008    110303s2552||||th 000 0 tha d
060  4 WY115^bว316ก 2552
100 0  วราพร วันไชยธนวงศ์
245 00 การให้บริการสุขภาพที่บ้าน/^cวราพร วันไชยธนวงศ์
260    เชียงใหม่:^bวิทยาลัยพยาบาลบรมราชชนนี เชียงใหม่,^c2552
300    100 หน้า
650  7 บริการสุขภาพที่บ้าน
650  7 ผู้ป่วยที่บ้าน^xบริการ
710 1  วิทยาลัยพยาบาลบรมราชชนนี เชียงใหม่
945    ^p0^l0^i025726
945    ^p0^l0^i025725
995    ทศพร
999 ^a ใช้งานได้ทุกระบบ
รายการนี้ยังไม่มีแท็ก
คุณยังไม่ได้ล็อกอิน คุณสามารถมีกิจกรรมร่วมกับเว็บไซต์ได้ แต่ต้องล็อกอินก่อน ::
  ล็อกอิน

รายการสื่อสารสนเทศ

ลำดับที่ ประเภท เลขเรียก/บาร์โค้ด สถานที่ สถานะ
- ไม่พบข้อมูล -

รายการใกล้เคียง
    ผู้แต่ง [วราพร วันไชยธนวงศ์]

BibComment


ยังไม่เคยถูกคอมเมนท์

คอมเมนท์ทรัพยากรรายการนี้
  คอมเมนท์: การให้บริการสุขภา..


 Copyright 2026. Bcnsprnw @Library